[Event "Ruhrgebiet Verbandsklasse Gruppe 1 1819"]
[Site "Nordrheinwestfalen"]
[Date "2019.01.20"]
[Round "5.7"]
[White "Brandhoff, Gerd"]
[Black "Wisotzky, Klaus"]
[Result "1-0"]
[WhiteElo "1779"]
[BlackElo "1638"]
[PlyCount "77"]
[EventDate "2018.09.23"]
[EventType "team-tourn"]
[EventRounds "9"]
[EventCountry "GER"]
[SourceTitle "EXT 2022"]
[Source "ChessBase"]
[SourceDate "2021.10.06"]
[SourceVersion "1"]
[SourceVersionDate "2021.10.06"]
[SourceQuality "1"]
[WhiteTeam "Guennigfeld SV"]
[BlackTeam "Muelheim SC"]
[WhiteTeamCountry "GER"]
[BlackTeamCountry "GER"]

1. e4 e6 2. c4 c5 3. d3 Nc6 4. Nc3 Nd4 5. Nge2 Nxe2 6. Qxe2 b6 7. g3 Bb7 8. Bg2 Ne7 9. 0-0 Nc6 10. Be3 a6 11. Qd2 Nd4 12. Rae1 Be7 13. Bxd4 cxd4 14. Ne2 e5 15. f4 d6 16. Kh1 0-0 17. Ng1 Bc8 18. Nf3 f6 19. f5 a5 20. Bh3 d5 21. a3 dxe4 22. Rxe4 Bb7 23. Rg4 Kh8 24. Kg1 Bxf3 25. Rxf3 Ra7 26. Qd1 Rf7 27. Rf1 Bc5 28. Bg2 Rfd7 29. Rh4 Qg8 30. Be4 h6 31. Qh5 Qf7 32. Qg4 Bf8 33. Rh5 Rac7 34. a4 Ra7 35. Qh4 Rac7 36. g4 Be7 37. Rf3 Bd8 38. Rh3 Ra7 39. Rxh6+ 1-0

[Event "Ruhrgebiet Verbandsklasse Gruppe 1 1819"]
[Site "Nordrheinwestfalen"]
[Date "2018.12.02"]
[Round "4.7"]
[White "Schlee, Ulrich"]
[Black "Brandhoff, Gerd"]
[Result "1-0"]
[WhiteElo "1714"]
[BlackElo "1780"]
[PlyCount "53"]
[EventDate "2018.09.23"]
[EventType "team-tourn"]
[EventRounds "9"]
[EventCountry "GER"]
[SourceTitle "EXT 2022"]
[Source "ChessBase"]
[SourceDate "2021.10.06"]
[SourceVersion "1"]
[SourceVersionDate "2021.10.06"]
[SourceQuality "1"]
[WhiteTeam "Wattenscheid SV III"]
[BlackTeam "Guennigfeld SV"]
[WhiteTeamCountry "GER"]
[BlackTeamCountry "GER"]

1. e4 e5 2. Nf3 Nc6 3. d4 exd4 4. Bc4 Nf6 5. e5 d5 6. Bb5 Nd7 7. 0-0 Be7 8. Re1 0-0 9. Bxc6 bxc6 10. Nxd4 Bb7 11. Qg4 c5 12. Bh6 g6 13. Bxf8 Nxf8 14. Nf5 Bc8 15. Nxe7+ Qxe7 16. Qg3 Rb8 17. Nc3 c6 18. b3 Bf5 19. e6 Rb4 20. exf7+ Qxf7 21. Qd6 Ne6 22. Qxc6 Rg4 23. Nxd5 Kg7 24. Ne3 Be4 25. Qd6 Rg5 26. Rad1 Qf3 27. Qe7+ 1-0

[Event "Ruhrgebiet Verbandsklasse Gruppe 2 1718"]
[Site "Germany"]
[Date "2018.02.04"]
[Round "6.8"]
[White "Brandhoff, Gerd"]
[Black "Schroeder, Marcel"]
[Result "1-0"]
[WhiteElo "1804"]
[BlackElo "1500"]
[PlyCount "131"]
[EventDate "2017.09.17"]
[EventType "team-tourn"]
[EventRounds "9"]
[EventCountry "GER"]
[SourceTitle "EXT 2022"]
[Source "ChessBase"]
[SourceDate "2021.10.06"]
[SourceVersion "1"]
[SourceVersionDate "2021.10.06"]
[SourceQuality "1"]
[WhiteTeam "Guennigfeld SV"]
[BlackTeam "Steele/Kray Rochade"]
[WhiteTeamCountry "GER"]
[BlackTeamCountry "GER"]

1. e4 c5 2. Nc3 Nc6 3. Bc4 Nf6 4. a3 d6 5. d3 g6 6. Nge2 Bg7 7. 0-0 0-0 8. Bd2 a6 9. Ng3 b5 10. Ba2 Bb7 11. Rb1 Qd7 12. Qc1 Nd4 13. Nce2 Nxe2+ 14. Nxe2 Qc6 15. Ng3 d5 16. f3 e6 17. Bh6 Qb6 18. Kh1 Rac8 19. Bxg7 Kxg7 20. Qg5 h6 21. Qf4 Qc7 22. e5 Nd7 23. Rbe1 Kh7 24. Qe3 Qc6 25. c3 Qb6 26. Bb1 c4 27. d4 Qd8 28. f4 Kg7 29. Rf3 Rh8 30. Nf1 Qe7 31. Ng3 a5 32. f5 exf5 33. Bxf5 Rc7 34. Ref1 Qg5 35. Bxd7 Rxd7 36. Qf2 Qe7 37. Rf6 Rc7 38. Ne2 Bc8 39. Qg3 Be6 40. Nf4 Qe8 41. h4 Rh7 42. Kg1 Re7 43. Rf3 Kg8 44. Qf2 Rg7 45. Rg3 Kh7 46. Qf3 Qd7 47. Qe2 Kg8 48. Qd2 Kh7 49. h5 Qe8 50. hxg6+ fxg6 51. Nxg6 Rxg6 52. Rgxg6 Qxg6 53. Rxg6 Kxg6 54. a4 bxa4 55. Qc2+ Kg7 56. Qxa4 Rb7 57. Qc6 Re7 58. Qb6 a4 59. Qb5 Ra7 60. Qe8 Ra6 61. Qe7+ Kg8 62. Qf6 Kh7 63. Kh2 Rb6 64. Kg3 Rxb2 65. Qxe6 a3 66. Qe7+ 1-0

[Event "Ruhrgebiet Verbandsklasse Gruppe 2 1718"]
[Site "Germany"]
[Date "2017.10.08"]
[Round "2.8"]
[White "Geistmeier, Frank"]
[Black "Brandhoff, Gerd"]
[Result "1/2-1/2"]
[WhiteElo "1738"]
[BlackElo "1804"]
[PlyCount "28"]
[EventDate "2017.09.17"]
[EventType "team-tourn"]
[EventRounds "9"]
[EventCountry "GER"]
[SourceTitle "EXT 2022"]
[Source "ChessBase"]
[SourceDate "2021.10.06"]
[SourceVersion "1"]
[SourceVersionDate "2021.10.06"]
[SourceQuality "1"]
[WhiteTeam "Hoentrop SG"]
[BlackTeam "Guennigfeld SV"]
[WhiteTeamCountry "GER"]
[BlackTeamCountry "GER"]

1. d4 d5 2. c4 e6 3. Nc3 Nf6 4. Bf4 c6 5. e3 Bd6 6. Bxd6 Qxd6 7. Nf3 Nbd7 8. Bd3 b6 9. 0-0 0-0 10. h3 Re8 11. Qc2 h6 12. Rad1 Ba6 13. b3 Bb7 14. e4 dxe4 1/2-1/2

[Event "Ruhrgebiet Verbandsklasse Gruppe 2 1718"]
[Site "Germany"]
[Date "2017.09.17"]
[Round "1.7"]
[White "Behnick, Eckhard"]
[Black "Brandhoff, Gerd"]
[Result "1-0"]
[WhiteElo "1703"]
[BlackElo "1804"]
[PlyCount "75"]
[EventDate "2017.09.17"]
[EventType "team-tourn"]
[EventRounds "9"]
[EventCountry "GER"]
[SourceTitle "EXT 2022"]
[Source "ChessBase"]
[SourceDate "2021.10.06"]
[SourceVersion "1"]
[SourceVersionDate "2021.10.06"]
[SourceQuality "1"]
[WhiteTeam "Sodingen/Castrop SK III"]
[BlackTeam "Guennigfeld SV"]
[WhiteTeamCountry "GER"]
[BlackTeamCountry "GER"]

1. b4 d5 2. Bb2 e6 3. Nf3 Nf6 4. a3 a5 5. b5 c6 6. e3 Bd7 7. bxc6 Nxc6 8. c4 dxc4 9. Bxc4 Be7 10. Nc3 0-0 11. 0-0 Bc5 12. d4 Ba7 13. d5 exd5 14. Nxd5 Nxd5 15. Bxd5 Bg4 16. h3 Bh5 17. Qb3 Bxf3 18. Bxf3 Qb6 19. Qc3 f6 20. Rab1 Qc7 21. Qb3+ Kh8 22. Rfc1 a4 23. Qc4 Rfc8 24. Qb5 Qd7 25. Bg4 Qe7 26. Bxc8 Rxc8 27. Qxa4 Bb8 28. Bd4 Rd8 29. Rd1 h6 30. Bb6 Re8 31. Rd5 Qe6 32. Qd1 Qe7 33. a4 Qe6 34. a5 Qe4 35. Rc1 Qb4 36. Qd2 Qb3 37. Rd7 Ne5 38. Rd8 1-0

[Event "Ruhrgebiet VK3 1213"]
[Site "Nordrheinwestfalen"]
[Date "2012.09.02"]
[Round "1"]
[White "Brandhoff, Gerd"]
[Black "Biermann, Klaus"]
[Result "1/2-1/2"]
[WhiteElo "1763"]
[BlackElo "1924"]
[PlyCount "104"]
[EventDate "2012.09.02"]
[EventType "team-tourn"]
[EventRounds "9"]
[EventCountry "GER"]
[SourceTitle "EXT 2020"]
[Source "ChessBase"]
[SourceDate "2019.10.17"]
[SourceVersion "1"]
[SourceVersionDate "2019.10.17"]
[SourceQuality "1"]
[WhiteTeam "Guennigfeld SV"]
[BlackTeam "Essen Werden"]
[WhiteTeamCountry "GER"]
[BlackTeamCountry "GER"]

1. e4 c5 2. Nc3 Nc6 3. Nf3 g6 4. d4 cxd4 5. Nxd4 Bg7 6. Be3 d6 7. h3 Nf6 8. Qd2 Nxd4 9. Bxd4 0-0 10. Bc4 a6 11. a4 Bd7 12. 0-0 Rc8 13. Bd3 Bc6 14. f4 e5 15. fxe5 dxe5 16. Be3 Qd6 17. Rad1 Qb4 18. b3 Be8 19. Nb1 Qxd2 20. Nxd2 Bc6 21. Bg5 Nd7 22. Rde1 f6 23. Be3 b5 24. axb5 axb5 25. Ra1 Ra8 26. c4 bxc4 27. Bxc4+ Kh8 28. b4 Rfb8 29. Rxa8 Bxa8 30. b5 Bf8 31. Rb1 Nc5 32. Bd5 Bxd5 33. exd5 f5 34. Nc4 f4 35. Bf2 e4 36. Bd4+ Kg8 37. Be5 Rd8 38. d6 Nd3 39. b6 Nxe5 40. Nxe5 Bxd6 41. Nc6 Bc5+ 42. Kf1 Rd2 43. b7 Bd6 44. b8Q+ Bxb8 45. Rxb8+ Kg7 46. Rd8 Rc2 47. Nd4 Rc1+ 48. Kf2 g5 49. Re8 e3+ 50. Kf3 h5 51. Re5 Kf6 52. Re6+ Kf7 1/2-1/2